Imiona postaci z Pingwinów z Madagaskaru - Statystyki

Ogólne statystyki
  • Ten quiz został rozwiązany 397 razy
  • Średni wynik to 8 z 19
Statystyki odpowiedzi
gatunek zwierzęcia imię % Poprawnych
pingwin Rico I Skipper I Kowalski I Szeregowy
98%
lemur Mort I Julian I Maurice
88%
wydra Antonio I Marlenka
81%
lew Alex
70%
strażniczka Alice
49%
delfin Doris I Bulgot
47%
wiewiórka Czerwony Wiewiór I Fred
39%
szympans Edek I Lulu I Mason
36%
maskonur Hans
33%
wąż Savio
32%
goryl Bolo I Lolo
31%
słoń Burt
30%
kangur Joey
25%
zielona kostka Żeluś
25%
aligator Rysiek
22%
nosorożec Roy
17%
borsuk Stacy I Becky
11%
drzewołas karłowaty Barry
10%
owca Randy
8%
Nie znaleziono quizów pasujących do podanych kryteriów
Rozkład punktacji
Procent ludzi z każdym wynikiem
Percentyl według liczby udzielonych odpowiedzi
Twoja historia wyników
Nie rozwiązałeś tego quizu